01429naa a22003857a 4500001001000000003000900010005001700019007000300036008003400039040005400073041000900127072001900136090001800155100001700173100002200190100001800212100001800230100001500248100001900263100001900282111008900301245008300390260003400473500012300507650001000630650002100640650000900661650001800670650001800688773012000706909003600826942001400862999001900876952014800895BR9400352BR-BrBNA20240918181104.0ta230509b bl.||||| |||| 00| 0 por d aBR-BrBNAbporcBiblioteca Nacional de Agricultura a(Pt) aF06; P10b0120 aF06 BR94003521 aFiorin, J.E.1 aAlbuquerque, J.A.1 aReinert, D.J.1 aMutti, L.S.M.1 aMissio, E.1 aSilva, E.P. da1 aFontinelli, F.1 a22. Congresso Brasileiro de Engenharia AgricolacIlheus, BA (Brazil)d19-23 Jul 19931 aArmazenamento de agua no solo como fator de variacao da produtividade do milho3 aIlheus, BA (Brasil): c1993.  a22. Congresso Brasileiro de Engenharia Agricola. Anais Ilheus, BA (Brasil): 1993. v. 5 p. 3009-3023 (BR9400352-AM)F06  aMilho aCultura Irrigada aAgua aArmazenamento aProdutividade0 t22. Congresso Brasileiro de Engenharia Agricola. AnaiswF06 BR9400352gIlheus, BA (Brasil), 1993. v. 5 p. 3009-3023 a202404bLuciac55dLucia Elande cAM2AGRIS c323570d323570 002AGRIS40708Acervo Gerala41918b41918cAgrobasel0oN01 BR9301760r2024-05-20t01yAM10d2024-04-11ePortaria Interministerial nÂș 164/94